| 000 | 00869nam a2200289 a 4500 | ||
|---|---|---|---|
| 001 | vtls000920766 | ||
| 003 | NLI | ||
| 005 | 20210627084925.0 | ||
| 008 | 110906s1948 sz 000 0 eng | ||
| 039 | 9 |
_y201109061812 _zVargis_01 |
|
| 040 | 0 |
_aNLI _beng _cVergis_S _eAACR2 |
|
| 041 | 0 | _aeng | |
| 044 | _asz | ||
| 084 | _a147 | ||
| 100 | 1 |
_aThomas, Albert, _d1878-1932 _9863250 |
|
| 245 | 1 | 0 |
_aInternational social policy / _cAlbert Thomas |
| 260 |
_aGeneva : _bInternational Labour Office, _c1948 |
||
| 300 |
_a162 p. ; _c24 cm. |
||
| 650 | 0 |
_aEconomic policy _9677885 |
|
| 650 | 0 |
_aLabor laws and legislation, International _9702868 |
|
| 650 | 0 |
_aLabor and laboring classes _9758504 |
|
| 887 | _a | ||
| 901 |
_a289277 _b30.09.1950 |
||
| 902 | _a147 B 509 | ||
| 949 |
_AVIRTUAITEM _D10000 _X100 _6PUR000289277ENG |
||
| 942 |
_2ddc _cBKS |
||
| 999 |
_aVIRTUA _c746151 _d746151 |
||